| 000 | 00583nam a22002177a 4500 | ||
|---|---|---|---|
| 003 | UA-OsUOA | ||
| 001 | 117827 | ||
| 007 | ta | ||
| 008 | 20160621b un ||||| |||| 00| 0 ukr d | ||
| 100 | _aШтайнляйн Ш. | ||
| 090 |
_a32 _bШ87 |
||
| 942 | _cSA | ||
| 040 |
_aUA-OsUOA _bukr _cUA-OsUOA _dUA-OsUOA |
||
| 245 | _aУкраїна і Німеччина - партнетрство з майбутнім | ||
| 300 | _aС.5 | ||
| 955 | _a0 | ||
| 041 | _aukr | ||
| 080 | _a32 | ||
| 773 | 0 |
_w117826 _tДзеркало тижня _dК. _d2016 _g21 |
|
| 650 | 7 |
_a32 Політика _2UDC |
|
| 999 |
_c402228 _d402228 |
||